Estadísticas para Anagramas - Presidentes de EE.UU.

Haz click aquí para intentar la prueba.

Estadísticas generales

  • Esta prueba ha sido intentada 938 veces
    (645 desde el último reinicio)
  • La puntuación promedio es 13 de 20

Estadísticas de respuestas

Presidente% Correcto
bush
89%
kennedy
82%
obama
82%
taft
78%
ford
77%
johnson
76%
nixon
76%
lincoln
75%
wilson
74%
jefferson
70%
trump
70%
polk
66%
jackson
65%
monroe
65%
adams
61%
clinton
58%
eisenhower
54%
reagan
53%
washington
53%
biden
51%
carter
51%
grant
51%
roosevelt
50%
truman
49%
hayes
48%
hoover
45%
tyler
45%
taylor
44%
madison
39%
cleveland
38%
pierce
38%
harrison
37%
buchanan
36%
mckinley
33%
coolidge
32%
garfield
23%
arthur
22%
fillmore
22%
harding
13%

Distribución de puntuación

Porcentaje por número respondido

Porcentaje de gente con cada puntuación

Historial de tus puntuaciones

No has intentado esta prueba desde el último reinicio